|
|
|
|
| LEADER |
01616ppm a22002778a 4500 |
| 001 |
00044639 |
| 005 |
20190822090840.0 |
| 008 |
170215s2015 ||||||Viesd |
| 041 |
0 |
# |
|a Vie
|
| 082 |
1 |
4 |
|b B305PH
|a 372.21
|
| 100 |
1 |
# |
|a Nguyễn, Thị Thoại Mỹ
|e Chủ nhiệm đề tài
|
| 245 |
1 |
0 |
|b Báo cáo tổng kết đề tài nghiên cứu khoa học của sinh viên năm học 2018 -2019 Mã số SPD2018.02.35
|c Nguyễn Thị Thoại Mỹ(chủ nhiệm đề tài); Trần Nguyễn Thị Như Mai (hướng dẫn) Lưu Thị Kim Ngân; Nguyễn Hải Yến
|a Biện pháp giáo dục về biển đảo qua hoạt động làm quen với môi trường xung quanh cho trẻ 5 - 6 tuổi ở các trường mầm non tại Thành phố Cao Lãnh, Đồng Tháp
|
| 260 |
# |
# |
|b Trường Đại học Đồng Tháp
|c 2019
|a Đồng Tháp
|
| 300 |
# |
# |
|a 86tr. +phụ lục
|c 30 cm.
|e 1 bản tóm tắt
|
| 500 |
# |
# |
|a ĐTTS ghi: Bộ Giáo dục và Đào tạo. Trường Đại học Đồng Tháp
|
| 653 |
# |
# |
|a Biển đảo
|
| 653 |
# |
# |
|a Hoạt động
|
| 653 |
# |
# |
|a Nghiên cứu khoa học
|
| 653 |
# |
# |
|a Môi trường
|
| 653 |
# |
# |
|a Học sinh
|
| 700 |
1 |
# |
|a Lưu, Thị Kim Ngân
|e Tham gia thực hiện
|
| 700 |
1 |
# |
|e Tham gia thực hiện
|a Nguyễn, Hải Yến
|
| 700 |
1 |
# |
|e Hướng dẫn
|a Trần Nguyễn Thị Như Mai
|
| 852 |
# |
# |
|j KH.0000175
|
| 910 |
# |
# |
|d 19/06/2018
|
| 980 |
# |
# |
|a Trung tâm Học liệu Lê Vũ Hùng, Trường Đại học Đồng Tháp
|